May mga lihim kami ni Ingkong = (Record no. 355796)
[ view plain ]
| 000 -LEADER | |
|---|---|
| fixed length control field | 00611nam a2200205Ia 4500 |
| 008 - FIXED-LENGTH DATA ELEMENTS--GENERAL INFORMATION | |
| fixed length control field | 180207s9999 xx 000 0 und d |
| 020 ## - INTERNATIONAL STANDARD BOOK NUMBER | |
| International Standard Book Number | 9789715116961 |
| 050 ## - LIBRARY OF CONGRESS CALL NUMBER | |
| Item number | G261 2001 |
| 100 ## - MAIN ENTRY--PERSONAL NAME | |
| Personal name | Gatmaitan, Luis P. |
| 245 ## - TITLE STATEMENT | |
| Title | May mga lihim kami ni Ingkong = |
| 245 ## - TITLE STATEMENT | |
| Remainder of title | Secrets with Lolo / |
| 245 ## - TITLE STATEMENT | |
| Statement of responsibility, etc | by Luis P. Gatmaitan ; artwork by Beth Parrocha-Doctolero. |
| 260 ## - PUBLICATION, DISTRIBUTION, ETC. (IMPRINT) | |
| Place of publication, distribution, etc | Metro Manila, Philippines : |
| 260 ## - PUBLICATION, DISTRIBUTION, ETC. (IMPRINT) | |
| Name of publisher, distributor, etc | OMF Literature Inc., |
| 260 ## - PUBLICATION, DISTRIBUTION, ETC. (IMPRINT) | |
| Date of publication, distribution, etc | 2001 |
| 300 ## - PHYSICAL DESCRIPTION | |
| Extent | unpaged : |
| 300 ## - PHYSICAL DESCRIPTION | |
| Other physical details | chiefly colored ; |
| 300 ## - PHYSICAL DESCRIPTION | |
| Dimensions | 23cm. |
| 650 ## - SUBJECT ADDED ENTRY--TOPICAL TERM | |
| Topical term or geographic name as entry element | Don Carlos Palanca Memorial Awards for Literature. |
| Withdrawn status | Lost status | Damaged status | Home library | Current library | Date acquired | Total Checkouts | Full call number | Barcode | Date last seen | Price effective from | Koha item type |
|---|---|---|---|---|---|---|---|---|---|---|---|
| Stonyhurst Southville International School (Malarayat) | Stonyhurst Southville International School (Malarayat) | 02/07/2018 | ER G261 2001 | SSISM5341 | 02/07/2018 | 02/07/2018 | Books |